| 000 | 00514nam a2200205Ia 4500 | ||
|---|---|---|---|
| 003 | OSt | ||
| 005 | 20250814102351.0 | ||
| 008 | 210210b2006 xxu||||| |||| 00| 0 eng d | ||
| 040 | _cAL | ||
| 041 | _aEnglish | ||
| 082 | _a657.48 APPF | ||
| 100 |
_aAppannaiah H R and others _957676 |
||
| 245 | _aFinancial accounting I | ||
| 260 |
_aMumbai _bHimalaya Publishing House _c2006 |
||
| 300 | _a404 | ||
| 650 |
_aBcom I SEM _957677 |
||
| 690 |
_aFinancial Accounting _957678 |
||
| 906 | _a061136 | ||
| 942 |
_2ddc _cBK |
||
| 999 |
_c108021 _d108021 |
||